[Event "Zurich Jubilee Open 2009"]
[Site "Zuerich SUI"]
[Date "2009.08.12"]
[Round "6.2"]
[White "Areshchenko, Alexander"]
[Black "Geetha Narayanan Gopal"]
[Result "1/2-1/2"]
[WhiteElo "2651"]
[BlackElo "2575"]
[PlyCount "116"]
[EventDate "2009.08.09"]
[EventType "swiss"]
[EventRounds "9"]
[EventCountry "SUI"]
[Source "lmi"]
[SourceDate "2009.08.09"]

1. e4 c5 2. Nf3 d6 3. d4 cxd4 4. Nxd4 Nf6 5. Nc3 a6 6. Be3 e5 7. Nf3 Be7 8. Bc4
O-O 9. O-O Nc6 10. Bg5 Be6 11. Bb3 Nd7 12. Bxe7 Qxe7 13. Nd5 Qd8 14. Qe2 Na5
15. Rad1 Rc8 16. Ne3 Nxb3 17. axb3 Qe7 18. Nd5 Qd8 19. Nc3 Rc6 20. Rd2 Qe7 21.
Rfd1 Rfc8 22. Ne1 Nc5 23. f3 b5 24. Na2 a5 25. Qxb5 Qa7 26. Kh1 a4 27. Nb4 Rb6
28. Rxd6 Rxd6 29. Rxd6 axb3 30. Rc6 Rb8 31. Qxc5 Qxc5 32. Rxc5 Rxb4 33. Kg1
bxc2 34. Rxc2 Rd4 35. Kf2 f5 36. exf5 Bxf5 37. Re2 Rb4 38. g4 Bg6 39. Ng2 h5
40. Ne3 Kf7 41. Nd5 Rd4 42. gxh5 Bxh5 43. Rxe5 g6 44. Ke3 Rh4 45. b4 Rxh2 46.
b5 Rb2 47. Nc3 Rb3 48. Rc5 g5 49. Rxg5 Bxf3 50. Kxf3 Rxc3+ 51. Ke4 Ke6 52. Kd4
Rc8 53. Rc5 Kd7 54. b6 Rb8 55. Rc7+ Kd6 56. Rh7 Rxb6 57. Rh6+ Kc7 58. Rxb6 Kxb6
1/2-1/2

[Event "Zurich Jubilee Open 2009"]
[Site "Zuerich SUI"]
[Date "2009.08.12"]
[Round "6.6"]
[White "Fridman, Daniel"]
[Black "Lopez Martinez, Josep Manuel"]
[Result "1/2-1/2"]
[WhiteElo "2665"]
[BlackElo "2555"]
[PlyCount "58"]
[EventDate "2009.08.09"]
[EventType "swiss"]
[EventRounds "9"]
[EventCountry "SUI"]
[Source "lmi"]
[SourceDate "2009.08.09"]

1. d4 Nf6 2. c4 e6 3. Nf3 d5 4. g3 Bb4+ 5. Bd2 Be7 6. Bg2 O-O 7. O-O c6 8. Qc2
Nbd7 9. Rd1 b6 10. Bf4 Ba6 11. b3 Nh5 12. Bc1 f5 13. a4 Rc8 14. Ba3 Kh8 15. e3
Bxa3 16. Nxa3 Qe7 17. Ne5 Nhf6 18. Nxd7 Nxd7 19. Qb2 Nf6 20. Rac1 Qb4 21. Nc2
Qe7 22. Na3 Qb4 23. Nc2 Qe7 24. Qa3 c5 25. dxc5 bxc5 26. Ne1 dxc4 27. bxc4 Bb7
28. Bxb7 Qxb7 29. Nd3 Ne4 1/2-1/2

[Event "Zurich Jubilee Open 2009"]
[Site "Zuerich SUI"]
[Date "2009.08.12"]
[Round "6.7"]
[White "Hess, Robert L"]
[Black "Meier, Georg"]
[Result "1/2-1/2"]
[WhiteElo "2560"]
[BlackElo "2658"]
[PlyCount "46"]
[EventDate "2009.08.09"]
[EventType "swiss"]
[EventRounds "9"]
[EventCountry "SUI"]
[Source "lmi"]
[SourceDate "2009.08.09"]

1. e4 e6 2. d4 d5 3. exd5 exd5 4. Bf4 Bd6 5. Bxd6 Qxd6 6. Nc3 Ne7 7. Nf3 Bg4 8.
Be2 Nbc6 9. O-O O-O 10. h3 Bf5 11. Bd3 Rad8 12. Bxf5 Nxf5 13. Qd3 Qf6 14. Rad1
Nce7 15. Rfe1 c6 16. Ne5 Ng6 17. Ng4 Qg5 18. g3 Nd6 19. f4 Qf5 20. Qxf5 Nxf5
21. Kf2 Rfe8 22. Ne3 Nd6 23. Kf3 Nf8 1/2-1/2

[Event "Zurich Jubilee Open 2009"]
[Site "Zuerich SUI"]
[Date "2009.08.12"]
[Round "6.10"]
[White "Avrukh, Boris"]
[Black "Bischoff, Klaus"]
[Result "1-0"]
[WhiteElo "2641"]
[BlackElo "2551"]
[PlyCount "45"]
[EventDate "2009.08.09"]
[EventType "swiss"]
[EventRounds "9"]
[EventCountry "SUI"]
[Source "lmi"]
[SourceDate "2009.08.09"]

1. d4 e6 2. c4 b6 3. e4 Bb7 4. Bd3 Nc6 5. Ne2 Bb4+ 6. Bd2 Bxd2+ 7. Qxd2 Qf6 8.
Bc2 Qh6 9. f4 Qh4+ 10. g3 Qh5 11. d5 Nce7 12. Nbc3 Nh6 13. O-O-O O-O 14. h3 f5
15. g4 Qh4 16. Nd4 fxe4 17. Nxe4 Ng6 18. Ng5 exd5 19. cxd5 Rae8 20. Rhf1 Ba6
21. Rf3 Kh8 22. Bxg6 hxg6 23. Ra3 1-0

[Event "Zurich Jubilee Open 2009"]
[Site "Zuerich SUI"]
[Date "2009.08.12"]
[Round "6.11"]
[White "Giri, Anish"]
[Black "Kuzubov, Yuriy"]
[Result "0-1"]
[WhiteElo "2518"]
[BlackElo "2635"]
[PlyCount "100"]
[EventDate "2009.08.09"]
[EventType "swiss"]
[EventRounds "9"]
[EventCountry "SUI"]
[Source "lmi"]
[SourceDate "2009.08.09"]

1. d4 Nf6 2. c4 e6 3. Nf3 Bb4+ 4. Bd2 a5 5. g3 b6 6. Bg2 Bb7 7. O-O O-O 8. Bg5
Be7 9. Qc2 h6 10. Bxf6 Bxf6 11. e4 g6 12. h4 Bg7 13. e5 d6 14. h5 gxh5 15. exd6
cxd6 16. Nc3 Nd7 17. d5 Nc5 18. Rad1 Bxc3 19. Qxc3 e5 20. Nh4 f5 21. f4 e4 22.
Qe3 Bc8 23. Rf2 Ra7 24. Bf1 Rg7 25. Rg2 Kh7 26. Kh2 Rfg8 27. Be2 Qf6 28. Rd2
Bd7 29. Kh3 Rb8 30. Bxh5 b5 31. Be2 bxc4 32. Bxc4 Bb5 33. Bxb5 Rxb5 34. b3 Qf7
35. g4 fxg4+ 36. Kg3 a4 37. Rh2 Qf6 38. f5 Rg5 39. bxa4 Rb1 40. Qd4 Qxd4 41.
Rxd4 Rc1 42. Rf2 Rc3+ 43. Kg2 g3 44. Rf4 Rc2+ 45. Kg1 g2 46. Rd1 Nd3 47. Rxe4
Nf2 48. Re3 Nxd1 49. Re7+ Kg8 50. f6 Nc3 0-1

[Event "Zurich Jubilee Open 2009"]
[Site "Zuerich SUI"]
[Date "2009.08.12"]
[Round "6.12"]
[White "Mikhalevski, Victor"]
[Black "Pavlovic, Milos"]
[Result "1-0"]
[WhiteElo "2631"]
[BlackElo "2535"]
[PlyCount "57"]
[EventDate "2009.08.09"]
[EventType "swiss"]
[EventRounds "9"]
[EventCountry "SUI"]
[Source "lmi"]
[SourceDate "2009.08.09"]

1. d4 d5 2. c4 c6 3. Nf3 Nf6 4. e3 Bg4 5. Nc3 e6 6. Qb3 Qc7 7. Bd2 Nbd7 8. Rc1
Bxf3 9. gxf3 Nb6 10. cxd5 exd5 11. e4 Qd7 12. Be3 Be7 13. e5 Nh5 14. Ne2 g6 15.
Ng3 Ng7 16. h4 f5 17. h5 O-O-O 18. a4 Nc4 19. Bxc4 dxc4 20. Qxc4 Ne6 21. hxg6
f4 22. g7 Rhg8 23. Rh6 fxe3 24. Rxe6 Rxg7 25. Ke2 exf2 26. Nf5 f1=Q+ 27. Kxf1
Rf7 28. Rxc6+ Qxc6 29. Qe6+ 1-0

[Event "Zurich Jubilee Open 2009"]
[Site "Zuerich SUI"]
[Date "2009.08.12"]
[Round "6.13"]
[White "Gharamian, Tigran"]
[Black "Riff, Jean-noel"]
[Result "1-0"]
[WhiteElo "2615"]
[BlackElo "2505"]
[PlyCount "99"]
[EventDate "2009.08.09"]
[EventType "swiss"]
[EventRounds "9"]
[EventCountry "SUI"]
[Source "lmi"]
[SourceDate "2009.08.09"]

1. d4 Nf6 2. Nf3 e6 3. g3 d5 4. c4 Nc6 5. cxd5 exd5 6. Bg2 Bb4+ 7. Bd2 Be7 8.
Nc3 Ne4 9. O-O O-O 10. Rc1 Bf5 11. Bf4 Nxc3 12. Rxc3 Be4 13. Qb3 Rb8 14. Rd1
Bd6 15. Bxd6 Qxd6 16. e3 Nd8 17. Ne5 Bxg2 18. Kxg2 f6 19. Nd3 Rf7 20. Nc5 c6
21. Qc2 Ne6 22. b4 a6 23. a4 Nxc5 24. Rxc5 Rc7 25. b5 axb5 26. axb5 Rbc8 27.
Rc1 g6 28. Qa2 Kg7 29. bxc6 bxc6 30. Ra5 Qe6 31. Ra8 Rxa8 32. Qxa8 Qc8 33. Qa5
Qd7 34. Qb6 f5 35. h4 Kf6 36. Qb8 Qc8 37. Qb4 Ke6 38. Ra1 Kd7 39. Ra5 Qe8 40.
Kh2 Qe7 41. Qb6 Qd8 42. Ra6 Qf8 43. Kg2 Qe8 44. Kh2 Qf8 45. Ra7 Qd8 46. Kg2 h6
47. Kf3 Rxa7 48. Qxa7+ Ke6 49. Qg7 Qe8 50. Qe5+ 1-0

[Event "Zurich Jubilee Open 2009"]
[Site "Zuerich SUI"]
[Date "2009.08.12"]
[Round "6.14"]
[White "Bosiocic, Marin"]
[Black "Bauer, Christian"]
[Result "1/2-1/2"]
[WhiteElo "2551"]
[BlackElo "2602"]
[PlyCount "136"]
[EventDate "2009.08.09"]
[EventType "swiss"]
[EventRounds "9"]
[EventCountry "SUI"]
[Source "lmi"]
[SourceDate "2009.08.09"]

1. e4 d5 2. exd5 Qxd5 3. Nc3 Qa5 4. d4 Nf6 5. Nf3 Bf5 6. Bc4 e6 7. Bd2 c6 8.
Nd5 Qd8 9. Nxf6+ gxf6 10. Bb3 Nd7 11. Qe2 Qc7 12. Nh4 Bg6 13. g3 O-O-O 14.
O-O-O Kb8 15. Ng2 e5 16. Bc3 Bh6+ 17. Kb1 Rhe8 18. Rhe1 Nb6 19. f4 c5 20. dxc5
Rxd1+ 21. Rxd1 Qxc5 22. Nh4 Qc8 23. fxe5 fxe5 24. Nxg6 fxg6 25. Bxe5+ Ka8 26.
Qb5 a6 27. Qa5 Qg4 28. Re1 Qd7 29. Bf4 Rxe1+ 30. Qxe1 Bxf4 31. gxf4 Qd4 32. Qf1
Nd7 33. c3 Qe3 34. Bc2 Nf6 35. a3 Ne4 36. Bxe4 Qxe4+ 37. Kc1 Qe3+ 38. Kc2 Kb8
39. h3 Qe4+ 40. Kd2 Kc7 41. h4 Qd5+ 42. Ke3 Qe6+ 43. Kf3 h5 44. Qf2 Qg4+ 45.
Ke3 Qh3+ 46. Kd2 b6 47. Kc2 a5 48. a4 Qf5+ 49. Kb3 Qd5+ 50. Ka3 Qd6+ 51. Ka2
Qd5+ 52. b3 Qd3 53. Kb2 Qh3 54. b4 axb4 55. cxb4 Kb7 56. a5 bxa5 57. bxa5 Qe6
58. Kc3 Qc6+ 59. Kb4 Qe4+ 60. Kc3 Qc6+ 61. Kd4 Qd6+ 62. Kc4 Qe6+ 63. Kd4 Qd6+
64. Ke4 Qe6+ 65. Kf3 Qg4+ 66. Ke3 Qe6+ 67. Kd3 Qa6+ 68. Ke3 Qe6+ 1/2-1/2

[Event "Zurich Jubilee Open 2009"]
[Site "Zuerich SUI"]
[Date "2009.08.12"]
[Round "6.16"]
[White "Miroshnichenko, Evgenij"]
[Black "Brendel, Oliver"]
[Result "1-0"]
[WhiteElo "2696"]
[BlackElo "2375"]
[PlyCount "65"]
[EventDate "2009.08.09"]
[EventType "swiss"]
[EventRounds "9"]
[EventCountry "SUI"]
[Source "lmi"]
[SourceDate "2009.08.09"]

1. d4 Nf6 2. c4 g6 3. Nc3 d5 4. Qb3 dxc4 5. Qxc4 Bg7 6. e4 O-O 7. Be2 Nc6 8.
Nf3 Bg4 9. Be3 Bxf3 10. gxf3 e5 11. dxe5 Nxe5 12. Qb5 Nh5 13. Qxb7 Rb8 14. Qxa7
Rxb2 15. Nd5 Qh4 16. f4 Rxe2+ 17. Kxe2 Qg4+ 18. Kd2 Nc4+ 19. Kd3 Nb2+ 20. Kd2
Nc4+ 21. Kd3 Nb2+ 22. Kd2 Qf3 23. Nc3 Rd8+ 24. Kc2 Bxc3 25. Kxc3 Qe2 26. Rhe1
Rd3+ 27. Kb4 Qg4 28. Rab1 Nd1 29. Bc5 Kg7 30. Qxc7 Nc3 31. Qe5+ Nf6 32. Kc4 Qd7
33. Rb6 1-0

[Event "Zurich Jubilee Open 2009"]
[Site "Zuerich SUI"]
[Date "2009.08.12"]
[Round "6.17"]
[White "Vila Gazquez, Xavier"]
[Black "Hou, Yifan"]
[Result "0-1"]
[WhiteElo "2457"]
[BlackElo "2584"]
[PlyCount "82"]
[EventDate "2009.08.09"]
[EventType "swiss"]
[EventRounds "9"]
[EventCountry "SUI"]
[Source "lmi"]
[SourceDate "2009.08.09"]

1. e4 c5 2. Nf3 e6 3. d4 cxd4 4. Nxd4 Nf6 5. Nc3 d6 6. g4 h6 7. Bg2 Nc6 8. h3
Bd7 9. O-O a6 10. Nxc6 Bxc6 11. Be3 Be7 12. a4 Nd7 13. b4 b6 14. Ne2 O-O 15. c4
a5 16. b5 Bb7 17. f4 Rc8 18. Rc1 Rc7 19. Qd3 Qa8 20. Rc2 Rd8 21. Bf3 Nc5 22.
Bxc5 dxc5 23. Qe3 Rcd7 24. Nc1 e5 25. Bg2 exf4 26. Qxf4 Bg5 27. Qf5 Re7 28. Ne2
g6 29. Qf2 Bxe4 30. Bxe4 Qxe4 31. Ng3 Qd3 32. Kg2 Bh4 33. Rb2 Qxc4 34. Rd2 Rxd2
35. Qxd2 Kh7 36. Rf4 Qe6 37. Ne4 Rd7 38. Qc2 Rd4 39. Kf3 Kg7 40. Nc3 Rxf4+ 41.
Kxf4 Qc4+ 0-1

[Event "Zurich Jubilee Open 2009"]
[Site "Zuerich SUI"]
[Date "2009.08.12"]
[Round "6.19"]
[White "Hobuss, Udo"]
[Black "Malaniuk, Vladimir P"]
[Result "0-1"]
[WhiteElo "2400"]
[BlackElo "2563"]
[PlyCount "66"]
[EventDate "2009.08.09"]
[EventType "swiss"]
[EventRounds "9"]
[EventCountry "SUI"]
[Source "lmi"]
[SourceDate "2009.08.09"]

1. c4 f5 2. Nc3 Nf6 3. g3 g6 4. Bg2 Bg7 5. d3 d6 6. Rb1 e5 7. Nf3 O-O 8. O-O h6
9. b4 Nc6 10. b5 Ne7 11. Qc2 g5 12. a4 Rb8 13. Ba3 b6 14. Nd2 Bb7 15. Nd5 Kh8
16. Rbc1 Rf7 17. Nb1 Nexd5 18. cxd5 Qd7 19. Nc3 f4 20. Rcd1 Rbf8 21. Bb2 Qg4
22. Ne4 Nxd5 23. d4 Qf5 24. dxe5 g4 25. Bh1 Bxe5 26. Bxe5+ Qxe5 27. Qc4 Rf5 28.
Qd4 Ba8 29. Qxe5+ Rxe5 30. Rd4 f3 31. exf3 gxf3 32. h3 Nf4 33. Bxf3 Ne6 0-1

[Event "Zurich Jubilee Open 2009"]
[Site "Zuerich SUI"]
[Date "2009.08.12"]
[Round "6.20"]
[White "Donchenko, Anatoly"]
[Black "Saric, Ivan"]
[Result "0-1"]
[WhiteElo "2381"]
[BlackElo "2561"]
[PlyCount "112"]
[EventDate "2009.08.09"]
[EventType "swiss"]
[EventRounds "9"]
[EventCountry "SUI"]
[Source "lmi"]
[SourceDate "2009.08.09"]

1. Nf3 c5 2. c4 Nc6 3. d4 cxd4 4. Nxd4 Qb6 5. Nb3 e6 6. e4 Nf6 7. Nc3 Bb4 8.
Qe2 Nd4 9. Nxd4 Qxd4 10. Bd2 O-O 11. f3 d5 12. O-O-O Qxc4 13. Qxc4 dxc4 14.
Bxc4 Bd7 15. Kb1 Rfc8 16. Be2 a6 17. e5 Bxc3 18. Bxc3 Nd5 19. Bd2 Bb5 20. Rhe1
Bxe2 21. Rxe2 h5 22. Re4 Rc5 23. Rc1 Rxc1+ 24. Kxc1 Rc8+ 25. Kb1 Kh7 26. b3
Nc3+ 27. Bxc3 Rxc3 28. Kb2 Rc5 29. h4 Kg6 30. g4 a5 31. a4 b6 32. b4 axb4 33.
Rxb4 Rxe5 34. Rxb6 hxg4 35. fxg4 Re4 36. Kb3 Rxg4 37. Rb4 Rg3+ 38. Kc4 Ra3 39.
Kb5 f5 40. a5 e5 41. a6 e4 42. Ra4 Rxa4 43. Kxa4 e3 44. a7 e2 45. a8=Q e1=Q 46.
Qg2+ Kh7 47. Qg5 Qe4+ 48. Kb3 Qg4 49. Qe7 f4 50. Kc3 f3 51. Qe3 Qxh4 52. Qd3+
Kh6 53. Qd2+ g5 54. Qd8 Qe1+ 55. Kc2 Qe2+ 56. Kc3 Kh5 0-1

[Event "Zurich Jubilee Open 2009"]
[Site "Zuerich SUI"]
[Date "2009.08.12"]
[Round "6.21"]
[White "Guliyev, Namig"]
[Black "Heimann, Andreas"]
[Result "0-1"]
[WhiteElo "2555"]
[BlackElo "2435"]
[PlyCount "80"]
[EventDate "2009.08.09"]
[EventType "swiss"]
[EventRounds "9"]
[EventCountry "SUI"]
[Source "lmi"]
[SourceDate "2009.08.09"]

1. e4 e5 2. Nf3 Nc6 3. Bb5 a6 4. Ba4 Nf6 5. O-O Be7 6. Re1 b5 7. Bb3 O-O 8. h3
Bb7 9. d3 d6 10. a3 Na5 11. Ba2 c5 12. Nc3 Nc6 13. Bg5 Kh8 14. Bxf6 Bxf6 15.
Nd5 Nd4 16. Nd2 Bg5 17. Nf1 g6 18. c3 Nc6 19. b4 Ne7 20. bxc5 dxc5 21. c4 Nc6
22. Nfe3 Nd4 23. Rb1 Bc6 24. Rf1 f5 25. exf5 gxf5 26. Re1 Be7 27. f4 exf4 28.
Nxf4 Bd6 29. cxb5 axb5 30. Ne6 Nxe6 31. Bxe6 Bg3 32. Re2 Qd4 33. Kh1 f4 34. Nc2
Qg7 35. Re4 Bxe4 36. dxe4 Rad8 37. Bd5 f3 38. gxf3 Be5 39. f4 Rxf4 40. Qh5 Rf2
0-1

[Event "Zurich Jubilee Open 2009"]
[Site "Zuerich SUI"]
[Date "2009.08.12"]
[Round "6.22"]
[White "Berend, Fred"]
[Black "Lauber, Arnd"]
[Result "1/2-1/2"]
[WhiteElo "2354"]
[BlackElo "2517"]
[PlyCount "67"]
[EventDate "2009.08.09"]
[EventType "swiss"]
[EventRounds "9"]
[EventCountry "SUI"]
[Source "lmi"]
[SourceDate "2009.08.09"]

1. e4 c6 2. c4 d5 3. cxd5 cxd5 4. exd5 Nf6 5. Nc3 Nxd5 6. Nf3 e6 7. Bc4 Be7 8.
d4 Nc6 9. O-O O-O 10. Re1 Bf6 11. Ne4 h6 12. Bb3 Nce7 13. Bd2 Qb6 14. Bc3 Rd8
15. Qe2 a5 16. Bc2 Nf5 17. Rad1 Bd7 18. Nxf6+ Nxf6 19. Bxf5 exf5 20. d5 Ne4 21.
Bd4 Qb5 22. Qxb5 Bxb5 23. Bb6 Rd6 24. Bc7 Rd7 25. d6 Nxd6 26. Bxd6 Rad8 27. Rd5
Bc6 28. Rxf5 Rxd6 29. Rxa5 Bxf3 30. gxf3 Rg6+ 31. Kf1 Rd2 32. Rb5 Rc6 33. Kg2
Rcc2 34. Rf1 1/2-1/2

[Event "Zurich Jubilee Open 2009"]
[Site "Zuerich SUI"]
[Date "2009.08.12"]
[Round "6.24"]
[White "Namyslo, Holger"]
[Black "Bromberger, Stefan"]
[Result "0-1"]
[WhiteElo "2307"]
[BlackElo "2510"]
[PlyCount "140"]
[EventDate "2009.08.09"]
[EventType "swiss"]
[EventRounds "9"]
[EventCountry "SUI"]
[Source "lmi"]
[SourceDate "2009.08.09"]

1. e4 c5 2. Nf3 d6 3. d4 cxd4 4. Nxd4 Nf6 5. Nc3 a6 6. Bg5 e6 7. f4 b5 8. e5
dxe5 9. fxe5 Qc7 10. exf6 Qe5+ 11. Be2 Qxg5 12. Qd3 Qxf6 13. Rf1 Qe5 14. Rd1
Ra7 15. Nf3 Qc7 16. Ne5 Be7 17. Nxf7 Qxh2 18. Nd6+ Bxd6 19. Qxd6 Qxd6 20. Rxd6
Ke7 21. Rd4 Nd7 22. Ne4 Rc7 23. c3 Bb7 24. Nd6 Nf6 25. Nxb7 Rxb7 26. Rf3 Rd8
27. Rg3 g6 28. Rgd3 Rxd4 29. Rxd4 e5 30. Rh4 e4 31. g4 g5 32. Rh1 b4 33. cxb4
Rxb4 34. b3 a5 35. Rf1 a4 36. Bc4 axb3 37. axb3 h6 38. Kd2 Nxg4 39. Kc3 Rb6 40.
Rf7+ Ke8 41. Rf5 Ne3 42. Re5+ Kd7 43. Be2 Re6 44. Ra5 Rd6 45. Re5 Nd5+ 46. Kc4
Nf6 47. Kc5 Rc6+ 48. Kd4 Rd6+ 49. Kc5 Rc6+ 50. Kd4 Rc2 51. Bc4 Rf2 52. Ra5 g4
53. Ra7+ Kd6 54. Ra6+ Kc7 55. Ra7+ Kb6 56. Rg7 h5 57. Be6 Kc6 58. Rg5 Kd6 59.
Bf5 Rd2+ 60. Ke3 Rd3+ 61. Ke2 Rd5 62. Ke3 h4 63. Kf4 h3 64. Rg6 Rxf5+ 65. Kxf5
h2 66. Rxf6+ Kd5 67. Rh6 g3 68. Kf4 g2 69. Rxh2 g1=Q 70. Rd2+ Qd4 0-1

[Event "Zurich Jubilee Open 2009"]
[Site "Zuerich SUI"]
[Date "2009.08.13"]
[Round "7.2"]
[White "Sutovsky, Emil"]
[Black "Gharamian, Tigran"]
[Result "1/2-1/2"]
[WhiteElo "2675"]
[BlackElo "2615"]
[PlyCount "27"]
[EventDate "2009.08.09"]
[EventType "swiss"]
[EventRounds "9"]
[EventCountry "SUI"]
[Source "lmi"]
[SourceDate "2009.08.09"]

1. e4 g6 2. d4 Bg7 3. Nc3 c6 4. h3 d6 5. Be3 Nd7 6. f4 b5 7. e5 Nb6 8. a3 Nc4
9. Bxc4 bxc4 10. Qf3 d5 11. Nge2 h5 12. b3 cxb3 13. cxb3 Rb8 14. b4 1/2-1/2

[Event "Zurich Jubilee Open 2009"]
[Site "Zuerich SUI"]
[Date "2009.08.13"]
[Round "7.5"]
[White "Jovanic, Ognjen"]
[Black "Avrukh, Boris"]
[Result "0-1"]
[WhiteElo "2541"]
[BlackElo "2641"]
[PlyCount "102"]
[EventDate "2009.08.09"]
[EventType "swiss"]
[EventRounds "9"]
[EventCountry "SUI"]
[Source "lmi"]
[SourceDate "2009.08.09"]

1. d4 Nf6 2. c4 g6 3. Nc3 d5 4. Qb3 dxc4 5. Qxc4 Bg7 6. e4 O-O 7. Be2 Nc6 8.
Nf3 Bg4 9. d5 Na5 10. Qb4 Bxf3 11. Bxf3 c6 12. O-O Qb6 13. Qa4 Nd7 14. Rd1 Nc5
15. Qc2 Nc4 16. Be2 Qb4 17. a3 Qb3 18. Qxb3 Nxb3 19. Rb1 Nb6 20. Be3 Rfd8 21.
Kf1 Kf8 22. f3 e6 23. dxc6 bxc6 24. Ba6 Be5 25. f4 Bd4 26. Bxd4 Nxd4 27. Kf2
Ke7 28. Rd2 Nb3 29. Rxd8 Rxd8 30. Rd1 Rxd1 31. Nxd1 Nc5 32. Be2 Nxe4+ 33. Ke3
Nf6 34. g4 Kd6 35. Nf2 Na4 36. Nd3 Nd5+ 37. Kf3 f6 38. h4 c5 39. Bd1 Nab6 40.
b3 c4 41. Nb2 Kc5 42. h5 gxh5 43. gxh5 h6 44. Bc2 Kd4 45. bxc4 Nxc4 46. Nxc4
Kxc4 47. Ke4 Nc3+ 48. Ke3 f5 49. Bd3+ Kc5 50. Ba6 Nd5+ 51. Kf3 Nf6 0-1

[Event "Zurich Jubilee Open 2009"]
[Site "Zuerich SUI"]
[Date "2009.08.13"]
[Round "7.7"]
[White "Malaniuk, Vladimir P"]
[Black "Miroshnichenko, Evgenij"]
[Result "1/2-1/2"]
[WhiteElo "2563"]
[BlackElo "2696"]
[PlyCount "28"]
[EventDate "2009.08.09"]
[EventType "swiss"]
[EventRounds "9"]
[EventCountry "SUI"]
[Source "lmi"]
[SourceDate "2009.08.09"]

1. f4 d5 2. Nf3 Bg4 3. e3 Nf6 4. b3 g6 5. Bb2 Bg7 6. Be2 O-O 7. O-O a5 8. a4 c6
9. d3 Nbd7 10. Ne5 Bxe2 11. Qxe2 Ne8 12. Nxd7 Bxb2 13. Ra2 Qxd7 14. Rxb2 Nd6
1/2-1/2

[Event "Zurich Jubilee Open 2009"]
[Site "Zuerich SUI"]
[Date "2009.08.13"]
[Round "7.8"]
[White "Saric, Ivan"]
[Black "Fridman, Daniel"]
[Result "1/2-1/2"]
[WhiteElo "2561"]
[BlackElo "2665"]
[PlyCount "41"]
[EventDate "2009.08.09"]
[EventType "swiss"]
[EventRounds "9"]
[EventCountry "SUI"]
[Source "lmi"]
[SourceDate "2009.08.09"]

1. e4 e5 2. Nf3 Nf6 3. Nxe5 d6 4. Nf3 Nxe4 5. Nc3 Nxc3 6. dxc3 Be7 7. Bf4 Nc6
8. Qd2 Be6 9. O-O-O Qd7 10. Ng5 Bxg5 11. Bxg5 f6 12. Be3 O-O-O 13. Be2 Bg4 14.
f3 Bh5 15. Rhe1 Rhe8 16. Bb5 a6 17. Ba4 Bf7 18. Qd3 Bg6 19. Qd2 Bf7 20. Qd3 Bg6
21. Qd2 1/2-1/2

[Event "Zurich Jubilee Open 2009"]
[Site "Zuerich SUI"]
[Date "2009.08.13"]
[Round "7.10"]
[White "Roiz, Michael"]
[Black "Hess, Robert L"]
[Result "1/2-1/2"]
[WhiteElo "2658"]
[BlackElo "2560"]
[PlyCount "123"]
[EventDate "2009.08.09"]
[EventType "swiss"]
[EventRounds "9"]
[EventCountry "SUI"]
[Source "lmi"]
[SourceDate "2009.08.09"]

1. e4 e5 2. Nf3 Nc6 3. Bb5 a6 4. Ba4 Nf6 5. O-O Be7 6. Bxc6 dxc6 7. Qe2 Bg4 8.
h3 Bxf3 9. Qxf3 Nd7 10. d3 Nf8 11. Qh5 Bf6 12. Be3 Ne6 13. Nd2 Qe7 14. Nc4 O-O
15. a3 a5 16. a4 g6 17. Qg4 Bg7 18. Qg3 Qf6 19. Kh1 b6 20. f3 Nf4 21. Qh2 Qe6
22. b3 Nh5 23. g4 Nf6 24. Qxe5 Qxe5 25. Nxe5 Nxe4 26. dxe4 Bxe5 27. Rad1 Rfd8
28. f4 Bc3 29. Kg2 Rab8 30. Kf3 Kf8 31. f5 Be5 32. Ke2 Ke7 33. Rxd8 Rxd8 34.
Rd1 Rb8 35. Kf3 b5 36. Ba7 Rb7 37. Bd4 Bxd4 38. Rxd4 c5 39. Rd5 c6 40. Rxc5 Kd6
41. Rc3 bxa4 42. bxa4 Rb4 43. Kf4 h6 44. h4 Rxa4 45. Rd3+ Ke7 46. Rb3 gxf5 47.
gxf5 Rc4 48. Rb7+ Kf6 49. Ra7 Kg7 50. h5 Rxc2 51. e5 Rc4+ 52. Ke3 Kf8 53. Ra8+
Ke7 54. Rxa5 Rh4 55. Ra7+ Ke8 56. f6 c5 57. Re7+ Kf8 58. Rc7 Ke8 59. Kd3 Rd4+
60. Kc3 Re4 61. Rxc5 Kd7 62. Kd3 1/2-1/2

[Event "Zurich Jubilee Open 2009"]
[Site "Zuerich SUI"]
[Date "2009.08.13"]
[Round "7.11"]
[White "Bauer, Christian"]
[Black "Shchekachev, Andrei"]
[Result "1/2-1/2"]
[WhiteElo "2602"]
[BlackElo "2530"]
[PlyCount "46"]
[EventDate "2009.08.09"]
[EventType "swiss"]
[EventRounds "9"]
[EventCountry "SUI"]
[Source "lmi"]
[SourceDate "2009.08.09"]

1. d4 Nf6 2. Nf3 e6 3. g3 b6 4. Bg2 Bb7 5. O-O c5 6. c4 cxd4 7. Qxd4 Bc5 8. Qf4
O-O 9. Nc3 Be7 10. Rd1 d6 11. b3 Nbd7 12. Ba3 Nc5 13. Rac1 a6 14. b4 Ncd7 15.
Nd2 Bxg2 16. Kxg2 b5 17. Bb2 Nb6 18. cxb5 axb5 19. Nxb5 Rxa2 20. Bxf6 Bxf6 21.
Qxd6 Qxd6 22. Nxd6 Nd5 23. N6e4 Nxb4 1/2-1/2

[Event "Zurich Jubilee Open 2009"]
[Site "Zuerich SUI"]
[Date "2009.08.13"]
[Round "7.13"]
[White "Bromberger, Stefan"]
[Black "Sandipan, Chanda"]
[Result "0-1"]
[WhiteElo "2510"]
[BlackElo "2585"]
[PlyCount "56"]
[EventDate "2009.08.09"]
[EventType "swiss"]
[EventRounds "9"]
[EventCountry "SUI"]
[Source "lmi"]
[SourceDate "2009.08.09"]

1. d4 d5 2. c4 c6 3. Nc3 Nf6 4. Nf3 e6 5. Bg5 h6 6. Bh4 dxc4 7. e4 g5 8. Bg3 b5
9. Be2 Bb7 10. O-O Nbd7 11. Ne5 Bg7 12. Nxf7 Kxf7 13. e5 Nd5 14. Ne4 Qb6 15.
Nd6+ Ke7 16. Bg4 Raf8 17. Qc2 Rhg8 18. Rad1 c5 19. Qg6 Nc7 20. Nxb7 cxd4 21.
Qe4 d3 22. Rxd3 cxd3 23. Qb4+ Nc5 24. Nxc5 a5 25. Qa3 Rd8 26. Nb3+ b4 27. Qxa5
Qxa5 28. Nxa5 Rd5 0-1

[Event "Zurich Jubilee Open 2009"]
[Site "Zuerich SUI"]
[Date "2009.08.13"]
[Round "7.14"]
[White "Hou, Yifan"]
[Black "Gozzoli, Yannick"]
[Result "1/2-1/2"]
[WhiteElo "2584"]
[BlackElo "2498"]
[PlyCount "82"]
[EventDate "2009.08.09"]
[EventType "swiss"]
[EventRounds "9"]
[EventCountry "SUI"]
[Source "lmi"]
[SourceDate "2009.08.09"]

1. e4 e5 2. Nf3 Nc6 3. Bc4 Nf6 4. d3 Be7 5. O-O O-O 6. Re1 d6 7. a4 h6 8. a5 a6
9. Nc3 Nb4 10. d4 Bg4 11. d5 c6 12. Bb3 b5 13. axb6 cxd5 14. h3 Bh5 15. b7 Rb8
16. Nxd5 Nbxd5 17. Bxd5 Nxd5 18. Qxd5 Qb6 19. Ra3 Qxb7 20. Qxb7 Rxb7 21. Rxa6
Rc8 22. c3 Bg6 23. Nd2 Rd7 24. Ra5 Bg5 25. Rb5 f5 26. exf5 Bxf5 27. Nf1 Bd3 28.
Rd5 Bc4 29. Rdd1 Bb3 30. Rd3 Bc4 31. Rg3 Bh4 32. Rg4 Bf6 33. Ne3 Be6 34. Rb4 h5
35. Nf1 d5 36. Bf4 exf4 37. Rxe6 d4 38. cxd4 Rc1 39. g3 fxg3 40. Kg2 gxf2 41.
Re4 Rd1 1/2-1/2

[Event "Zurich Jubilee Open 2009"]
[Site "Zuerich SUI"]
[Date "2009.08.13"]
[Round "7.17"]
[White "Hirneise, Tobias"]
[Black "Fedorchuk, Sergey A"]
[Result "1/2-1/2"]
[WhiteElo "2429"]
[BlackElo "2655"]
[PlyCount "119"]
[EventDate "2009.08.09"]
[EventType "swiss"]
[EventRounds "9"]
[EventCountry "SUI"]
[Source "lmi"]
[SourceDate "2009.08.09"]

1. d4 Nf6 2. c4 e6 3. Nf3 b6 4. g3 Bb4+ 5. Bd2 a5 6. Bg2 Bb7 7. O-O O-O 8. Bf4
Be7 9. Nc3 Ne4 10. Nb5 Na6 11. Qc2 f5 12. a3 Bf6 13. Rfd1 Qc8 14. d5 d6 15.
Nfd4 e5 16. Nxf5 Nxf2 17. Kxf2 exf4 18. Bh3 fxg3+ 19. Kg2 Qe8 20. hxg3 Qe5 21.
Nfd4 Rae8 22. Rf1 Nc5 23. Rf3 Qe4 24. Qxe4 Rxe4 25. Rd1 Bc8 26. Bxc8 Rxc8 27.
b4 axb4 28. axb4 Na6 29. Rb3 Rce8 30. Kf2 h5 31. e3 Be5 32. Ra1 Nc5 33. bxc5
bxc5 34. Rd1 cxd4 35. exd4 Bf6 36. Rd2 Bg5 37. Rc2 Be3+ 38. Rxe3 Rxe3 39. Nxc7
R8e7 40. Ne6 Rd3 41. Kg2 Re8 42. Rb2 g5 43. c5 dxc5 44. dxc5 Kf7 45. c6 Ke7 46.
Rb7+ Kf6 47. c7 Rd2+ 48. Kf3 g4+ 49. Ke4 Rc2 50. Rb8 Rxe6+ 51. dxe6 Rxc7 52.
Kd5 Rc3 53. Rf8+ Ke7 54. Rf7+ Ke8 55. Rh7 Ra3 56. Kd6 Rd3+ 57. Ke5 Rxg3 58.
Rh8+ Ke7 59. Rh7+ Ke8 60. Rh8+ 1/2-1/2